|
|
|
|
| LEADER |
000000am a2200000 a 4500 |
| 001 |
27257 |
| 005 |
20230308180508.0 |
| 008 |
004021|1997 ||||||||r|||||||||||spa|| |
| 020 |
|
|
|a 9500817861
|
| 040 |
|
|
|b spa
|
| 041 |
0 |
|
|a Es
|
| 082 |
0 |
|
|a UC-BFCM
|b 813
|
| 100 |
1 |
|
|a Zilli, Edith, trad.
|9 87830
|
| 245 |
1 |
1 |
|a Más chocolate caliente para el alma
|c Traducción Edith Zilli
|h imp
|
| 264 |
|
|
|a Buenos Aires
|b Atlantida
|c 1997
|
| 300 |
|
|
|a 318 páginas:
|b ilus.
|
| 650 |
1 |
|
|a Narrativa estado unidense
|9 87831
|
| 650 |
1 |
0 |
|a Relatos
|9 469
|
| 852 |
|
|
|a UC-SALUD
|f donación
|k teresa.bermeoh
|l 1
|m General
|p 20040216
|q $ 3
|t 27257
|b 0
|d CDRS
|e CDRS
|g UC-BFCM 813
|z 2004-40-21
|
| 942 |
|
|
|c BK
|
| 999 |
|
|
|c 53060
|d 53060
|